RAST PAROŽIA A TROFEJOVÁ KVALITA JELEŇA OBYČAJNÉHO (Cervus elaphus L.) V TATRANSKOM NÁRODNOM PARKU

Bibliographic Details
Main Author: Garaj, Peter (Author)
Format: Article
Language:Slovak

MARC

LEADER 00000nab a2200000 a 4500
001 vtls011133306
003 SK-MaSNL
005 20260303150945.0
008 230222|1989 xo |||||||||||||||||slo|
015 |a SNBRB 
035 |a (uuid)3964e5ee-0381-410d-bbec-56b0a01de53e 
035 |a (urnnbn)urn:nbn:sk:snk:ar-a09nz3 
035 |a urn:nbn:sk:snk-abab2d 
040 |a SNKBUCL  |b slo  |c SNKBUCL  |e AACR2 
041 0 |a slo 
044 |a xo  |c SK 
100 1 |a Garaj, Peter  |4 aut  |9 312121 
245 1 0 |a RAST PAROŽIA A TROFEJOVÁ KVALITA JELEŇA OBYČAJNÉHO (Cervus elaphus L.) V TATRANSKOM NÁRODNOM PARKU  |c Peter Garaj 
246 3 |a GROWTH OF ANTLERS AND TROPHY QUALITY OF RED DEER (Gervus elaphus L.) IN THE TATRA NATIONAL PARK 
773 0 |t Acta Facultatis Forestalis Zvolen Czechoslovakia  |g Roč. 31, č. 31 (1989), s. 123-141 
954 |a odborná, vedecká literatúra pôvodná (slovenská)  |2 lita 
958 |a OND 
958 |a EUIPO 
958 |a article13 
999 |c 2014839  |d 2016769